000
00245nam a2200097Ia 4500
001
640225
005
20250826153443.0
008
250824s9999 xx 000 0 und d
245
0
_a
12 Son Orman Muhafızı
_c
John Flanagan
260
_b
BEYAZ BALİNA
999
_c
640225
_d
640225